Countries Closest to Italy - Statistics

General Stats
  • This quiz has been taken 196,194 times
    196,135 since last reset
  • The average score is 17 of 20
Answer Stats
km country miles % Correct
0 France 0
99%
0 Switzerland 0
96%
0 Austria 0
94%
45 Germany 28
94%
0 Vatican City 0
94%
12 Croatia 8
91%
78 Greece 49
91%
0 San Marino 0
91%
0 Slovenia 0
89%
81 Malta 50
86%
8 Monaco 5
85%
153 Bosnia and Herzegovina 95
84%
73 Albania 45
82%
68 Liechtenstein 43
80%
188 Hungary 117
78%
174 Montenegro 108
78%
218 Czechia 135
74%
71 Tunisia 44
73%
214 Algeria 133
69%
204 North Macedonia 127
67%
No matching quizzes found
Score Distribution
Percent of People with Each Score
Percentile by Number Answered
Your Score History
You have not taken this quiz since the last reset